000 02419nam a2200541 c 4500
003 BLK
005 20181211155556.0
008 180409b bul|||||r ||||||| ||bul||
010 _aKNG00114909000
020 _a978-954-8277-33-4
_bиздат.: Жарава - на том(т. 8)(Жарава)
040 _aBLK
041 _aBUL
_cBUL
072 7 _2bullib
_aН92
_xИстория Н
072 7 _2bullib
_aН32
_xПолитика Н
080 _aИстория на Корея
_b951.9
_x(093.3)
_z951.9(093.3)
080 _aПолитика. Вж и 341 ; 342
_b32
_x(519.3)(092)(093.3)
_z32(519.3)(092)(093.3)
080 _a
_b929 Ким Ир Сен
_x
_z929 Ким Ир Сен
100 1 _aКим Ир Сен
_eпърви автор
_9371840
700 1 _aСапунджиев, Юрий Георгиев
_eпрев. на том
_9372611
139 _aКим Ир Сен
_bК 53
245 1 0 _aМемоари
_bВъв водовъртежа на века : Т. 1 -
_cКим Ир Сен; прев. на том Юрий Георгиев Сапунджиев.
_nТ. 8
_pПродължение
257 _aUJK
260 София
_bНар. трибуна
_c1999 -
_fЗа том: София : КРАМ-6
300 _c21 см
380 _a9
500 _aПрев. от рус. изд. - Ориг. загл. на кор. ез. - Офс. изд.
600 1 4 _aКим Ир Сен
_9371840
650 4 _aРеволюционни, национални и народоосвободителни движения - Корея
_9297738
650 4 _aКомунистически партии - Корея
_9311596
650 4 _aПолитици, корейски
_9270875
650 4 _aКорея - история
_9270873
650 4 _aКорея - политика
_9270874
651 4 _aКорея
_9255833
653 _aреволюционни движения
653 _aнационалноосвободителни движения
653 _aкомунистически партии
653 _aполитици
653 _aистория
653 _aКорея
653 _aКим Ир Сен
659 _aН
760 1 _3- на том(т. 8)(Жарава)
_aКим Ир Сен
_dЖарава, 2010
_h580 с., [23 л.] : портр., ил., факс.
_tТ. 8 Продължение
852 _aЦб 205306
856 4 _qpdf
_u
856 4 _qpdf
_u
942 _cKNG
_n0
_01
944 _aCR
_c06.06.2012
_kВаля_Йорданова
944 _aED
_c06.06.2012
_k
999 _c109592
_d109592